000 00732nam a2200253Ia 4500
001 dia_1674
003 CHAP
005 20251023171629.0
008 220117s2000 xx 000 0 und d
010 _a172222
040 _cCHAP
082 _a664.09 R5
100 _aRisch, Sara J.
_9151330
245 _aFood Packaging; Testing Methods and Appications /
_c by Sara J. Risch
260 _aWashington, D.C. :
_b American Chemical Society,
_c2000
300 _a166 p.
400 _aACS SYMPOSIUM SERIES, 753
500 _aD. fot.
650 _a1.Alimentos
_xempaque
_xcongreso.
_9151331
901 _a664.09 R5
902 _aM
905 _a0000002000 WASX 0000000000ING00
942 _cLIBRO
_2ddc
999 _c172222
_d172222